000 00905cam a2200229 4500
001 ABS62322
008 000000n2000 000 0 eng u
035 _a(Sirsi) u106330
100 _aKimblin, R.
245 _aNew contaminated land regime
260 _c2000
490 _aSolicitors' Journal
_v 144(19) 19 May 2000, 462-464(3)
520 _aHighlights key aspects of the new contaminated land regime, which came into force on 1 April 2000. Offers a practitioner's guide to the meaning of the term 'contaminated land', how liability is determined and where responsibility lies for the enforcement of regulations.
590 _aABS
650 _aCONTAMINATED LAND
650 _aPOLLUTED LAND
650 _aCONTAMINATED LAND REGIME
650 _aENVIRONMENT ACT 1990 PART IIA
650 _aCONTAMINATED LAND (ENGLAND) REGULATIONS 2000
690 _aENVIRONMENT-CONTAMINATION
942 _n0
999 _c63679
_d63679